000 00563nam a22001697a 4500
005 20251108164115.0
008 250721s1986 xx 000 0 ara d
082 1 4 _a025.3/احم
100 1 _aالسيد، أحمد البدوي أبو زيد
245 1 0 _aالتطورات العصرية لفن الفهرسة /
264 1 _aالقاهرة :
_bالهيئه المصريه العامه للكتاب،
_c1986.
300 _a185ص.
650 1 7 _aالفهرسة الموضوعية
650 1 7 _aالفهرسة الوصفية
942 _2ddc
_cBK
999 _c3809
_d3809